Quản lý đô thị
Nội dung đề cập đến những khái niệm cơ bản nhất về quản lý đô thị; và quản lý quy họach xây dựng được trình bày tương đối tổng quát nhằm kiểm soát sự tăng trưởng của đô thị vì nó mang tính quyết định cho sự phát triển của mỗi đô...
Na minha lista:
| Autor principal: | |
|---|---|
| Formato: | Livro |
| Idioma: | Vietnamese |
| Publicado em: |
H.
Xây dựng
2013
|
| Edição: | Tái bản |
| Assuntos: | |
| Tags: |
Adicionar Tag
Sem tags, seja o primeiro a adicionar uma tag!
|
| Thư viện lưu trữ: | Thư viện Trường Đại học Nam Cần Thơ |
|---|
| LEADER | 01562aam a22002298a 4500 | ||
|---|---|---|---|
| 001 | NCT_25820 | ||
| 008 | 090916s2009 ||||||viesd | ||
| 999 | |c 1234 |d 1234 | ||
| 020 | |c 60000 | ||
| 082 | 0 | 4 | |2 23rd ed. |a 711.4 |b M.107 |
| 100 | 1 | |a Phạm Trọng Mạnh | |
| 245 | 1 | 0 | |a Quản lý đô thị |c Phạm Trọng Mạnh |
| 250 | |a Tái bản | ||
| 260 | |a H. |b Xây dựng |c 2013 | ||
| 520 | 3 | |a Nội dung đề cập đến những khái niệm cơ bản nhất về quản lý đô thị; và quản lý quy họach xây dựng được trình bày tương đối tổng quát nhằm kiểm soát sự tăng trưởng của đô thị vì nó mang tính quyết định cho sự phát triển của mỗi đô thị và của cả mạng lưới đô thị toàn quốc. | |
| 653 | |a Kiến trúc | ||
| 942 | |2 ddc |c BK | ||
| 952 | |0 0 |1 0 |2 ddc |4 0 |6 711_400000000000000_M107 |7 0 |9 9170 |a 000001 |b 000001 |d 2018-06-01 |o 711.4 M107 |p MD.08708 |r 2018-06-01 |v 60000.00 |w 2018-06-01 |y BK | ||
| 952 | |0 0 |1 0 |2 ddc |4 0 |6 711_400000000000000_M107 |7 0 |9 9171 |a 000001 |b 000001 |d 2018-06-01 |o 711.4 M107 |p MD.08709 |r 2018-06-01 |v 60000.00 |w 2018-06-01 |y BK | ||
| 952 | |0 0 |1 0 |2 ddc |4 0 |6 711_400000000000000_M107 |7 0 |9 9172 |a 000001 |b 000001 |d 2018-06-01 |o 711.4 M107 |p MD.08710 |r 2018-06-01 |v 60000.00 |w 2018-06-01 |y BK | ||
| 952 | |0 0 |1 0 |2 ddc |4 0 |6 711_400000000000000_M107 |7 0 |9 9173 |a 000001 |b 000001 |d 2018-06-01 |o 711.4 M107 |p MD.08711 |r 2018-06-01 |v 60000.00 |w 2018-06-01 |y BK | ||
| 980 | |a Thư viện Trường Đại học Nam Cần Thơ | ||